[Event "EU-chT (Men) 13th"]
[Site "Leon"]
[Date "2001.11.06"]
[Round "1.1"]
[White "Kotronias, Vasilios"]
[Black "Kozul, Zdenko"]
[Result "0-1"]
[WhiteElo "2548"]
[BlackElo "2569"]
[Annotator "Tyomkin,D"]
[PlyCount "66"]
[EventDate "2001.11.06"]
[EventType "team-swiss"]
[EventRounds "9"]
[EventCountry "ESP"]
[SourceTitle "CBM 086"]
[Source "ChessBase"]
[SourceDate "2002.02.05"]
[SourceVersion "1"]
[SourceVersionDate "2002.02.05"]
[SourceQuality "1"]
[WhiteTeam "Cyprus"]
[BlackTeam "Croatia"]
[WhiteTeamCountry "CYP"]
[BlackTeamCountry "CRO"]

1. e4 c5 2. Nf3 d6 3. d4 cxd4 4. Nxd4 Nf6 5. Nc3 Nc6 6. Bg5 e6 7. Qd2 a6 8.
O-O-O Bd7 9. f4 b5 10. Bxf6 gxf6 11. Kb1 Qb6 12. Nxc6 Bxc6 13. Qe1 Ra7 {
This line has got popularity nowdays thanks to GM Z.Kozul;} (13... Be7 $5) 14.
Bd3 {14.f5 saves time in some variations, because white bishop can be moved
directly to e2;} (14. f5 $5 h5 (14... Qc5 $146 15. Qh4 h5 16. e5 fxe5 17. fxe6
fxe6 18. Bd3 Re7 {[%cal Ge8d7]} 19. Rhf1 Kd7 20. Qh3 Bg7 21. Be4 Kc7 22. Qh4
Rd7 23. Bxc6 Qxc6 24. Ne4 d5 25. Nf6 Rdd8 26. Nxh5 {1/2-1/2 Wells,P-Nevednichy,
V/Ohrid 2001/CBM 84 (26)}) (14... b4 15. Ne2 e5 (15... Bxe4 16. fxe6 fxe6 17.
Nf4 $16) 16. Ng3 {[%csl Rh5][%cal Rg3h5]} h5 {To stop Nh5} (16... Qc5 17. Nh5
Be7 18. Qh4 Qe3 19. Bd3 $16) 17. Be2 $1 $36 {[%csl Rh5][%cal Ye2h5,Yg3h5] 1-0
Gurevich,I-Kozul,Z/Biel 1993/CBM 37/[Wolff] (53)}) (14... Rg8 15. Qh4 {[%cal
Yh4f6,Yh4h7]} Ke7 16. Ne2 $1 {[%cal Ye2d4,Ye2g3,Ye2f4,Yg3h5]} e5 17. Ng3 Qe3 (
17... h6 18. Rxd6 Kxd6 19. Qxf6+) 18. Qxh7 Rg7 19. Qh8 Bxe4 20. Bd3 $1 Bxg2 21.
Rhe1 Qc5 22. Be4 $36 {1-0 Dimitrov,V-Kozul,Z/Linares 1996 (52)}) 15. Qh4 (15.
fxe6 {Gofshtein,L} fxe6 16. Bd3 Rg7 17. Rf1 Be7 18. g3 Qc5 19. Ne2 Bd8 20. Nf4
Kd7 21. Rf3 Qe5 22. Bf1 $36 {[%csl Re6][%cal Yf1h3,Yh3e6] 1-0 Zontakh,
A-Simonovic,A/Ulcinj 1998/EXT 99 (52)}) (15. Bd3 Qc5 16. Rf1 (16. fxe6 $142
fxe6 17. Rf1) 16... e5 17. Qh4 Ke7 18. Ne2 a5 19. Rf3 Bh6 20. Qxh5 a4 21. Qh4
b4 22. Qe1 Bg5 23. h3 Rc7 $13 {Palac-Kozul,Croatia 1997}) 15... Be7 16. Ne2 Rc7
17. Nd4 Bd7 18. Be2 e5 19. Nb3 a5 20. Bxh5 Kf8 21. Rd3 Be8 22. Nd2 b4 23. Rc1
Bb5 24. c4 bxc3 25. Rdxc3 Rxc3 26. Rxc3 Bd8 27. g4 $4 (27. Nf3 $1 {[%csl Gg1]})
27... Qg1+ 28. Kc2 Be2 {0-1 Breder,D-Kozul,Z/Bled SLO 2001/The Week in Chess
334 (28)}) 14... h5 {14...a5 is an alternative, but it doesn't solve all black
problems too;} (14... a5 15. Qh4 (15. f5 b4 16. Ne2 e5 17. Ng3 (17. Nc1 $6 {
Gofshtein,L} Bh6 18. Qe2 Ke7 19. Bc4 Rf8 20. Rd3 Qc5 21. Rh3 Bg5 22. Rxh7 a4
$44 {0-1 Gyorkos,L-Kozul,Z/Osijek 1992/EXT 99 (35)}) 17... Bh6 18. Bc4 Ke7 19.
Qe2 Qc5 20. Rhe1 Bg5 21. Nf1 Rc8 22. b3 a4 23. Ne3 {1/2-1/2 Moldovan,
D-Lupulescu,C/Baile Tusnad 2001/CBM 80 ext (23)}) 15... Be7 16. f5 Qc5 (16...
e5 17. Qh6 $16 (17. Be2 $5 {[%cal Gc3d5]})) 17. Rhf1 (17. e5 fxe5 18. Qh5 a4 (
18... exf5 $142) 19. fxe6 a3 20. Bxb5 $1 $18 {1/2-1/2 Efimenko,Z-Lupulescu,C/
Balatonlelle HUN 2001 (34)}) 17... e5 18. Be2 Rc7 19. Qf2 Qxf2 20. Rxf2 Rb7 21.
Nd5 Bd8 22. Nxf6+ Bxf6 23. Rxd6 Bh4 24. g3 Bxe4 $11 {1-0 Jedryczka,K-Kozul,Z/
Panormo 2001/CBM 84 ext (56)}) (14... Rc7 $5 $146 {(Gofshtein,L) The new
attempt of Z.Kozul to rehabilitate this variation.} 15. f5 e5 {[%csl Rd5] It
is a new plan in this variation. Usually black played b4 first, and only after
knight's retreat playes e5.In this game black doesn't afraid to weaken square
d5 immediately.} 16. Qh4 $1 {[%cal Yh4f6]} (16. Bf1 {Gofshtein,L} Bb7 17. Nd5
Bxd5 18. Rxd5 Rc5 19. Qd2 Qc6 20. g3 $14) 16... Be7 (16... Bg7 {Gofshtein,L}
17. Rhe1 $14) 17. Qh6 $5 {Ater this strong move black loses pawn without any
real copmpensation.} b4 18. Nd5 Bxd5 19. exd5 a5 20. Qg7 Rf8 21. Qxh7 $16 {
0-1 Nataf,I-Kozul,Z/Istanbul 2000/EXT 2001/[Gofshtein,L] (50)}) (14... Qc5 {
Gofshtein,L} 15. f5 a5 (15... Bh6 $6 16. fxe6 fxe6 17. Nd5 $5 {1-0 Zelcic,
R-Kozul,Z/Bled 2000/CBM 75 ext (40)}) 16. Ne2 Bh6 17. Rf1 $14 {[%cal Yf1f6]
0-1 Benjamin,J-Kozul,Z/Luzern 1997/CBM 62/[Ftacnik] (38)} (17. Qh4 Bg5 18. Qh5
e5 $132 (18... exf5 19. Ng3 $1 $16) (18... e5 19. h4 Be3 20. g4 d5 $132)) (17.
fxe6 fxe6 18. Rf1 $14)) 15. Qh4 Bg7 {Comparing with 15...Be7 line, here Black
king can be placed on e7 and Bg7 can be entered to the game thru h6;} (15...
Be7 16. f5 b4 (16... Qe3 {Gofshtein,L} 17. Rhe1 Qg5 18. Qf2 Rb7 19. h4 $36 {
1-0 De la Paz,F-Delgado,N/Santa Clara 1999/CBM 70 ext (41)}) 17. Ne2 e5 18. Ng3
$1 (18. g4 a5 19. gxh5 a4 20. h6 Rh7 21. Rhg1 Qe3 22. Rg8+ Kd7 23. Qe1 Rb7 $15
{0-1 Svoboda,S-Manik,M/Presov SVK 2001/The Week in Chess 357 (50)}) 18... Qc5
19. Nxh5 Kd8 20. g4 a5 21. Rhf1 Rd7 22. Qe1 $16 {1-0 Kotronias,V-Damljanovic,B/
Leon ESP 2001/The Week in Chess 367 (54)}) 16. Rhf1 $146 {Immediate 16.f5 is
much more dangerous for black;} (16. f5 e5 17. Be2 Ke7 18. Bxh5 Rc7 19. Qg4 Bb7
(19... Bh6 20. Bxf7 $1 Kxf7 21. Qg6+ Ke7 22. Rxd6 $1 $18) 20. Qxg7 Rxh5 21. Qg3
$16 {1-0 Efimenko,Z-Kozul,Z/Panormo 2001/CBM 84 ext (45)}) 16... Qc5 $1 (16...
f5 17. exf5 Bxc3 18. fxe6 $1 Bg7 19. exf7+ Kxf7 20. Qg5 $40) 17. f5 e5 (17...
Qe5 18. Ne2 {[%csl Rh5][%cal Ge2f4,Yf4h5,Ge2g3]}) 18. Rf3 (18. Be2 Rc7 {
[%cal Gb5b4]}) 18... Rc7 19. Rg3 Kf8 20. a3 $6 {It just helps black to get
counterattack over the queenside;} (20. Ne2 $140 $5 {[%cal Gg3h3,Yh4e1]}) 20...
a5 21. Ne2 (21. Nd5 Bxd5 22. exd5 b4 (22... Qxd5 23. Be2 $16 {[%csl Rd6]}) 23.
Be4 Qf2 $132) 21... b4 22. axb4 axb4 23. Nc1 Ba4 24. Nb3 (24. b3 Bb5 25. Rd2
Bc6 $132 {[%cal Gc7a7,Gc5a5]}) 24... Qf2 25. Rf1 (25. Rh3 Qa7 {[%cal Gc7c8,
Yc8a8] with the same plan like in the game;}) 25... Qa7 26. Be2 Rc8 {[%cal
Gc8a8]} 27. Rd3 $4 {White had to keep balance accurately by:} (27. Rd1 Qf2 28.
Bd3 {and white keeps the balance;}) 27... Bb5 28. Rd2 Ra8 $19 {Now rook d2
disturbs white king to escape;} 29. c4 bxc3 30. bxc3 Qa3 $2 {Time-trouble
miss- black could just win a piece by primitive:} (30... Qb7 $1 31. Bxb5 (31.
Kb2 Bxe2 32. Rxe2 Rb8 $19) 31... Qxb5 {[%csl Rb3,Rf1]}) ({and this line could
lead to the same end as in the game;} 30... Qa4 $1 31. c4 (31. Bxb5 Qxb5 {
[%csl Rb3,Rf1]}) 31... Qxb3+ 32. Rb2 Qa4 33. cxb5 Ke7 $19) 31. c4 $2 {Missing
a chance:} (31. Bxb5 Qxb3+ 32. Rb2 Qxc3 33. Qe1 $15 {and white repulses an
attack of black;}) 31... Qxb3+ ({Another good way was:} 31... Ba4 $19 32. Nc1
Rb8+) 32. Rb2 Qa3 33. cxb5 Ke7 {[%cal Gh8c8] Black decively enters Rh8 to the
attack;} 0-1

[Event "Sochi"]
[Site "Sochi"]
[Date "1993.??.??"]
[Round "?"]
[White "Berelowitsch, Alexander"]
[Black "Shmuter, Leonid"]
[Result "1/2-1/2"]
[WhiteElo "2510"]
[BlackElo "2455"]
[Annotator "Vaisman,V"]
[PlyCount "136"]
[EventDate "1993.09.??"]
[EventType "tourn"]
[EventRounds "13"]
[EventCountry "RUS"]
[EventCategory "10"]
[SourceTitle "CBM 038"]
[Source "ChessBase"]
[SourceDate "1994.02.01"]
[SourceVersion "1"]
[SourceVersionDate "1994.02.01"]
[SourceQuality "1"]

1. e4 c5 2. Nf3 d6 3. d4 cxd4 4. Nxd4 Nf6 5. Nc3 Nc6 6. Bg5 e6 7. Qd2 a6 8.
O-O-O Bd7 9. f4 b5 10. Bxf6 gxf6 11. Nxc6 Bxc6 12. Bd3 b4 13. Ne2 Qb6 14. Kb1
h5 15. Rhf1 O-O-O $5 (15... a5) 16. c3 d5 17. cxb4 $6 (17. Qc2 $1 Kb8 18. exd5
Bxd5 (18... Rxd5 19. Be4 Rxd1+ (19... Rc5 20. Bxc6 Rxc6 21. Rd7) 20. Rxd1 Bxe4
21. Qxe4 bxc3 22. Nxc3 Ba3 23. Na4 $1 Qb4 24. Rd4 Qb5 25. Rd3 $16) 19. Be4 Bxe4
20. Rxd8+ Qxd8 21. Qxe4 bxc3 (21... Qb6 22. Rc1) (21... f5 22. Qc4 Qb6 (22...
bxc3 23. Qxa6 cxb2 24. Qb5+ Kc8 25. Qxb2 Qd3+ 26. Ka1 Rg8 27. Rc1+ Kd8 28. Nd4
Bg7 29. Nc6+ Ke8 30. Ne5 $40) 23. Rc1) 22. Nxc3 {/\ Rd1, f5} f5 23. Qe2) 17...
Bxb4 18. Qc2 Kb8 19. e5 $5 d4 $5 20. exf6 (20. Be4 Bb5 (20... d3 $5 21. Bxd3 f5
$1 $44) 21. Bd3 Bc6 22. Be4 Bb5 $10) 20... Rc8 21. Nc1 $1 Bf3 22. Qa4 (22. Rxf3
$1 Rxc2 23. Bxc2 Ka7 24. Rb3 Qd6 25. Nd3 Bc5 26. Ne5 Rb8 27. Rxb8 Kxb8 28. Be4
$1 $44 {/\ g3, Rd3, Rc1}) 22... Bxd1 (22... Bxg2 23. Rf2 Bb7 24. Nb3 $36) 23.
Rxd1 a5 $2 (23... Qa5 $142 24. Qxa5 (24. Qb3 Ka7 25. Be4 Rc7) 24... Bxa5 25.
Bxa6 $13) 24. a3 Bd6 25. Nb3 Bxf4 26. Nxa5 $2 (26. Be4 $1 d3 (26... Rhd8 27.
Rd3 Bc7 28. Nxa5 $18) 27. Rxd3 Rhd8 28. Rxd8 Rxd8 29. Nxa5 Rc8 $8 30. Nc6+ Kc7
31. h4 $36) 26... Rc5 $2 (26... Rhd8 27. Be4 d3 $1) 27. Nb3 Rd5 28. Be4 Qb5 29.
Rxd4 Qxa4 30. Rxa4 Rdd8 $8 31. Nd4 $138 (31. Na5 $5 Kc7 $5 32. Nc4 Kd7 {/\ Rh6}
) 31... Kc7 32. Ra7+ Kd6 33. Nf3 Rd7 34. Ra6+ Kc7 35. g3 Be3 36. Ne5 Rd1+ 37.
Ka2 (37. Kc2 $5) 37... Rh6 38. Rc6+ Kb8 39. Nxf7 (39. Rc3 Bb6 40. Rf3 $1 (40.
Rb3 Kc7) (40. Nc6+ Kc7) 40... Bd4 (40... Bd8 41. Nxf7 Rxf6 42. Nxd8 Rxf3 43.
Nc6+ Kc7 44. Bxf3 Rf1 (44... Rd3 45. Be4 Re3 46. Bh1 Re1 47. Bf3 Re3 48. Nd4 e5
49. Ne6+ Kd6 50. Ng5 $18) 45. Ne5 Kd6 46. Nc4+ Kc5 47. Nd2) 41. Rb3+ Kc8 42.
Bb7+ Kc7 43. Bf3 Rc1 $8 (43... Rf1 $2 44. Rb7+ Kc8 45. Nxf7 Rxf6 46. Nd6+ Kd8
47. Bc6 $18) 44. Rb7+ Kc8 45. Nxf7 Rxf6 46. Nd6+ Kd8 47. Bxh5 Rf2 $13 48. Nf7+
Ke8 49. Nd6+ Kd8 $10) 39... Rxf6 40. Nd6 Rc1 (40... Rf8 41. Nb5 Ba7 42. Rxe6)
41. Ra6 Ba7 42. Ra4 (42. Nb5 Re1 {/\ Rf7}) 42... Rf2 43. Rb4+ Kc7 44. Nb5+ Kb8
45. Nd4+ $5 (45. Nd6+ Kc7 46. Nb5+ Kb8 $10) 45... Kc8 46. Nxe6 Rxh2 47. Bf5 $5
Bf2 48. Rb3 Kd7 49. Rd3+ Ke7 50. Nf4 Rg1 51. Ne2 Re1 52. Nc3 Re5 53. g4 h4 (
53... Rh4 54. Rf3 Bd4 55. gxh5 Bxc3 56. bxc3 $10) (53... Rg2 54. Nd5+ $1) 54.
Ne4 h3 $5 $138 (54... Kf8 $5) 55. Nxf2 (55. Ng5 Re2 56. Rd7+ Ke8) 55... Rxf2
56. Rxh3 Rb5 57. Rb3 Rxb3 58. Kxb3 Kd6 $10 59. Kc3 Kd5 60. a4 Rf4 61. a5 Kc5
62. a6 Kb6 63. Bc8 Rf8 64. Be6 Re8 $1 (64... Kxa6 $2 65. Kd4 Rf2 66. b3 Re2 $2
67. Bc4+) 65. Bd5 Kxa6 66. Kd4 Kb5 67. g5 Re1 68. g6 Rg1 (68... Rg1 69. Bf7 Kb4
70. Ke5 Rxg6) 1/2-1/2

[Event "Match/Nation U26 DDR-POL 19,5-20,5"]
[Site "Zinnowitz"]
[Date "1977.10.02"]
[Round "4.1"]
[White "Vogt, Lothar"]
[Black "Bielczyk, Jacek"]
[Result "1-0"]
[WhiteElo "2495"]
[BlackElo "2385"]
[Annotator "Vogt,L"]
[PlyCount "83"]
[EventDate "1977.09.28"]
[EventType "team-schev"]
[EventRounds "4"]
[EventCountry "DDR"]
[SourceTitle "EXT 2013"]
[Source "ChessBase"]
[SourceDate "2012.11.22"]
[SourceVersion "1"]
[SourceVersionDate "2012.11.22"]
[SourceQuality "1"]

{SCHACH 11/1977 Seite 491} 1. e4 c5 2. Nf3 Nc6 3. d4 cxd4 4. Nxd4 Nf6 5. Nc3 d6
6. Bg5 e6 7. Qd2 a6 8. O-O-O Bd7 9. f4 b5 {Dies ist derzeit modern.} ({Der
Normalzug ist hier} 9... Be7) 10. Bxf6 (10. Nxc6 Bxc6 11. Bd3 {ist eine andere
Methode.}) 10... gxf6 (10... Qxf6 11. e5 dxe5 12. Ndxb5 {führt zu klarem
weißen Vorteil.}) 11. Kb1 ({Ein interessanter Zug ist auch} 11. f5 {,wonach es
zu folgender Variante kommen kann:} Nxd4 12. Qxd4 Bh6+ 13. Kb1 Bf4 {nebst Le5
mit kompliziertem Spiel.}) 11... Qb6 12. Nxc6 Bxc6 13. Bd3 Qc5 (13... O-O-O {
ist vorzuziehen.}) 14. Rhf1 O-O-O 15. f5 d5 $2 (15... Be7 {war geboten, obwohl
Weiß nach} 16. fxe6 fxe6 17. Ne2 {nebst Nf4 einen kleinen Eröffnungsvorteil
behält.}) 16. exd5 exd5 {[#]} 17. Be4 $1 Bd6 ({Auch nach} 17... d4 18. Bxc6
Qxc6 19. Qd3 Qxg2 20. Rf4 {hat Schwarz erhebliche Schwierigkeiten.}) 18. Nxd5
Bxd5 {So gut wie erzwungen, da sonst 19.b4 eine recht gefährliche Drohung
darstellt.} 19. Bxd5 {wie schon in meiner ersten Partie mit Bielczyk haben wir
auch hier wieder ungleiche Läufer erreicht; diesmal aber mit Damen!} Bxh2 20.
Rf3 Be5 21. Rd3 Rd6 {Was sonst?} 22. Bxf7 Rhd8 23. Bd5 {Weiß möchte seine
Schwerfiguren für den Angriff behalten.} Kb8 24. g4 h6 25. Bh1 ({Mit} 25. b4 {
nebst Dxh6 konnte ich auch einen zweiten Bauern gewinnen, aber die
Partiefortsetzung gefiel mir noch besser.}) 25... Ka7 (25... Rxd3 $2 26. cxd3 {
öffnet auch noch die c-Linie für Weiss.}) 26. Qg2 Qc7 27. Rc1 Rd4 28. Rxd4 Rxd4
29. c3 Rd8 30. Qe4 {Schwarz kann nichts unternehmen, da er auf Matt steht.} Qb6
31. Bf3 a5 32. Rh1 b4 33. c4 b3 34. a3 a4 35. g5 Bxb2 {Verzweiflung!} ({
Natürlich scheiterte} 35... hxg5 {an} 36. Rh7+ Bc7 ({bzw.} 36... Ka6 37. c5 Qb5
38. Be2) 37. c5) 36. c5 Qb5 37. Kxb2 Re8 38. Qd4 Re2+ 39. Kb1 Re5 40. c6+ Ka6
41. c7 Re8 42. Qxf6+ 1-0

[Event "Belgrade RAD 30"]
[Site "Belgrade"]
[Date "1977.01.15"]
[Round "1.4"]
[White "Suetin, Alexey S"]
[Black "Weinstein, Norman"]
[Result "1-0"]
[WhiteElo "2525"]
[BlackElo "2475"]
[Annotator "Weinstein,N"]
[PlyCount "86"]
[EventDate "1977.01.15"]
[EventType "tourn"]
[EventRounds "13"]
[EventCountry "SRB"]
[EventCategory "9"]
[SourceTitle "EXT 2018"]
[Source "ChessBase"]
[SourceDate "2017.10.13"]
[SourceVersion "1"]
[SourceVersionDate "2017.10.13"]
[SourceQuality "1"]
[TimeControl "40/9000:16/5400:0"]

1. e4 c5 2. Nf3 Nc6 3. d4 cxd4 4. Nxd4 Nf6 5. Nc3 d6 6. Bg5 e6 7. Qd2 a6 8.
O-O-O Bd7 9. f4 b5 10. Bxf6 gxf6 11. Nf3 Qb6 12. Kb1 O-O-O 13. f5 $146 (13. g3
Be7 14. Ne2 Kb8 15. Ned4 Nxd4 16. Nxd4 Bc8 17. Bg2 Bb7 18. Qe2 h5 19. c3 h4 20.
f5 e5 21. Nc2 hxg3 22. hxg3 Rxh1 23. Bxh1 Rg8 24. g4 Rh8 25. Bf3 Qc5 26. Ne3
Rh3 27. Nd5 {1/2-1/2 (27) Hlousek,Z (2380)-Mititelu,G (2400) Luhacovice 1971})
13... Kb7 $6 (13... Kb8 {inf 23/(412)}) 14. fxe6 fxe6 15. g3 h5 16. Bh3 Bh6 17.
Qg2 Ne5 18. Nd4 Rhe8 19. Nce2 Ng4 20. Qf3 e5 21. Nf5 Bxf5 22. Qxf5 Ne3 23. Qxh5
Nxd1 24. Rxd1 Bg5 25. Bf5 Rh8 26. Qf7+ Kb8 27. h4 Qf2 28. Nc3 Rhf8 29. Qd5 Be3
30. Qc6 Bd4 31. Nd5 Qe2 32. Rc1 Qc4 33. Qxa6 Rf7 34. b3 Qc5 35. c4 b4 36. Qb5+
Rb7 37. Qxc5 dxc5 38. h5 Rg8 39. g4 Rbg7 40. Nxf6 Rf8 41. Nd7+ Rxd7 42. Bxd7
Rf2 43. Rh1 Rb2+ 1-0

[Event "Moscow Aeroflot op"]
[Site "Moscow"]
[Date "2002.??.??"]
[Round "3"]
[White "Asrian, Karen"]
[Black "Galliamova, Alisa"]
[Result "1-0"]
[WhiteElo "2599"]
[BlackElo "2514"]
[Annotator "Wells,P"]
[PlyCount "54"]
[EventDate "2002.02.04"]
[EventType "swiss"]
[EventRounds "9"]
[EventCountry "RUS"]
[SourceTitle "CBM 088"]
[Source "ChessBase"]
[SourceDate "2002.03.21"]
[SourceVersion "1"]
[SourceVersionDate "2002.03.21"]
[SourceQuality "1"]

1. e4 c5 2. Nf3 Nc6 3. d4 cxd4 4. Nxd4 Nf6 5. Nc3 d6 6. Bg5 e6 7. Qd2 a6 8.
O-O-O Bd7 9. f4 h6 10. Bh4 g5 $5 {Nothing wrong with this system as such ( its
another fairly respectable way of contesting the e5 square ) but the weakness
of f7 should be constantly borne in mind.} 11. fxg5 {[%csl Ge5]} Ng4 12. Nxc6
Bxc6 13. Be2 Ne5 14. Kb1 Be7 15. Rhf1 $5 hxg5 16. Bg3 b5 $2 (16... Qa5 $5) 17.
Bxe5 $1 dxe5 {[%csl Rf7][%cal Ye2h5,Yf1f7]} 18. Bh5 $1 {[%csl Rf7] A nice
tactic to emphasise thematic plusses.} Bf6 (18... Rxh5 19. Qe2 $16 {[%cal
Ge2h5,Gd1d8]}) 19. Qf2 Qe7 20. g4 $1 {[%csl Yh5] A great bishop. Can't move -
doesn't need to.} Rh6 21. h4 b4 22. hxg5 bxc3 23. Qb6 Bb5 24. gxh6 Kf8 25. Rf2
Kg8 26. Qd6 Rf8 27. h7+ Kxh7 1-0

[Event "Interzonal-16"]
[Site "Biel"]
[Date "1993.??.??"]
[Round "11"]
[White "Gurevich, Ilya"]
[Black "Kozul, Zdenko"]
[Result "1-0"]
[WhiteElo "2575"]
[BlackElo "2595"]
[Annotator "Wolff,P"]
[PlyCount "105"]
[EventDate "1993.07.16"]
[EventType "swiss"]
[EventRounds "13"]
[EventCountry "SUI"]
[SourceTitle "CBM 037"]
[Source "ChessBase"]
[SourceDate "1993.12.01"]
[SourceVersion "1"]
[SourceVersionDate "1993.12.01"]
[SourceQuality "1"]

1. e4 c5 2. Nf3 Nc6 3. d4 cxd4 4. Nxd4 Nf6 5. Nc3 d6 6. Bg5 e6 7. Qd2 a6 8.
O-O-O Bd7 9. f4 b5 10. Bxf6 gxf6 11. Kb1 (11. f5 $5 Nxd4 12. Qxd4 Bh6+ 13. Kb1
Bf4 14. fxe6 fxe6 15. Ne2 Be5 16. Qd2 Qb6 17. Nf4 a5 18. g3 O-O 19. Bh3 $16
Rae8 20. Nd3 Bd4 21. Rhe1 b4 22. Nxb4 Bf2 23. Rf1 Bc5 24. Nd5 $18 {Hjartarson,
J-Kozul,Z Biel izt (6)}) 11... Qb6 12. Nxc6 $5 Bxc6 13. Qe1 {Usually the move
11.Kb1 introduces the Nf3,Pg3 setup versus this Rauzer. Young Ilya Gurevich's
idea is to draw the queen to the b6 square before trasposing back to the 11.
Nxc6 setup, so that it is placed more awkwardly.} Ra7 {White threatened 14.Nd5,
which is now met by 14...exd5 15.exd5+ Re7} 14. f5 $14 b4 15. Ne2 e5 (15...
Bxe4 16. fxe6 fxe6 17. Nf4 $16) 16. Ng3 h5 {To stop Nh5} 17. Be2 $1 Rh6 (17...
h4 18. Nh5 Be7 19. Qxh4) 18. Bc4 (18. Bxh5 $5 {This looks like a good pawn to
me!}) 18... a5 19. Nf1 Qc5 20. Ne3 $5 a4 $6 (20... Bxe4 21. Bd5 {White has
fantastic compensation, of course, but at least Black has a pawn for his
suffering. As the game goes, Black is simply positionally lost.}) 21. Bd5 Bb5
22. b3 Rh8 23. Bc4 axb3 24. cxb3 Bc6 25. Nd5 Qa5 26. Qf2 Be7 27. Rhe1 Rb7 28.
Nxf6+ $5 Bxf6 29. Rxd6 Qb6 $8 (29... Rb6 30. Rxf6 (30. Bd5 Bxd5 (30... Qb5 31.
Rxf6 $18) 31. Qxb6 Qxb6 32. Rxb6 {See the game}) 30... Bxe4+ 31. Rxe4 Rxf6 32.
Qf4 Kf8 33. Rxe5 Qd8 $16) 30. Qxb6 Rxb6 31. Bd5 (31. Rxf6 Bxe4+ 32. Rxe4 Rxf6
33. Rxe5+ Kd7 $132) 31... Bxd5 32. Rxb6 Bd8 $8 33. Rb8 Bc6 34. Rd1 Bd7 35. Rb7
Bc8 (35... Bc6 36. Rxd8+ Kxd8 37. Rb8+) 36. Rb8 Bd7 37. f6 $1 Rh6 $4 (37... Rg8
38. g3 (38. Rd5 Rxg2 (38... Rg5 39. Ra5 Bc6 40. Ra7 $18 {/\ Re7+}) 39. Rxe5+
Be6 40. Rxh5 Kd7 41. Rxb4 Bxf6 $132) 38... Rg4 (38... h4 39. Rd5 hxg3 40. hxg3
Rxg3 41. Rxe5+ Be6 42. Rxe6+ fxe6 43. f7+ Kxf7 44. Rxd8 $16) (38... Rg6 39. Rd6
$18 {/\ Ra6-a8}) 39. Rxb4 $16) 38. Rd6 Rh8 39. Ra6 Rh6 40. g3 Be6 41. Rd6 Bd7
42. Kc2 Rg6 43. Ra6 Be6 44. Raa8 Rxf6 45. Rxd8+ Ke7 46. Rd2 Rf1 47. Ra7+ Ke8
48. Rb7 f5 49. Rxb4 fxe4 50. Rb5 Kf7 51. Rxe5 Kf8 52. Rxe4 Bf5 53. Rde2 1-0